Listy o umění, lásce a přátelství

Podrobná bibliografia
Hlavný autor: Beethoven, Ludwig van, 1770-1827 (skl)
Ďalší autori: Plevka, Bohumil, 1922-2002 (Zostavovateľ, kompilátor), Jiránek, Jaroslav Eugen, 1925-1992 (upv, nob)
Médium: Kniha
Jazyk:čeština
Fyzický popis:189, [2] s., [32] s. fot. příl. 8°
Vydavateľské údaje: Praha Panton 1972
Vydanie:2. vyd.
Edícia:Edice přátel hudby

MARC

LEADER 00000nam a2200000 a 4500
001 vtls001182741
003 SK-MaSNL
005 20260331202959.0
008 251113s1972 xr 0 cze
035 |a SNK000125788 
040 |a SNK  |b slo  |c SNK  |e AACR2 
041 0 |a cze 
044 |a CZ 
100 1 |a Beethoven, Ludwig van,  |d 1770-1827  |4 skl  |9 106879 
245 0 |a Listy o umění, lásce a přátelství  |c Ludwig van Beethoven ; Bohumil Plevka a [kol.] 
250 |a 2. vyd. 
260 |a Praha  |b Panton  |c 1972 
300 |a 189, [2] s., [32] s. fot. příl.  |c 8° 
490 1 |a Edice přátel hudby  |v Sv. 15 
700 1 |a Plevka, Bohumil,  |d 1922-2002  |4 zos  |9 243613 
700 1 |a Jiránek, Jaroslav Eugen,  |d 1925-1992  |4 upv  |4 nob  |9 237994 
830 0 |a Edice přátel hudby  |9 282930 
958 |a RK 
958 |a OND 
999 |c 537880  |d 539810 
952 |t P60, <04>, [BOOK], {604}  |a SNK  |b SNK  |y VYP  |7 0  |o snkID 57674  |i snkKIP 5521/72  |0 0  |1 0  |4 0  |d 1996-02-28  |l 0  |r 2005-01-01 00:00:00  |w 2026-02-23 
952 |t P60, <04>, [BOOK], {604}  |a SNK  |b SNK  |y VYP  |7 0  |o snkID 57674 D1  |i snkKIP 5522/72  |0 0  |1 0  |4 0  |d 1996-02-28  |l 0  |r 2005-01-01 00:00:00  |w 2026-02-23